| 000 | 00623nam a22001937a 4500 | ||
|---|---|---|---|
| 005 | 20251108170834.0 | ||
| 008 | 250721s1997 xx 000 0 ara d | ||
| 082 | 1 | 4 | _a658.154/لوز |
| 100 | 1 | _aاللوزي، سليمان أحمد | |
| 245 | 1 | 0 | _aإدارة الموازنات العامة بين النظرية و التطبيق / |
| 264 | 1 |
_aعمان : _bدار المسيرة للنشر، _c1997. |
|
| 300 | _a300ص | ||
| 650 | 1 | 7 | _aالميزانيات |
| 650 | 1 | 7 | _aالميزانية العامة |
| 700 | 1 | _aمرار، فيصل | |
| 700 | 1 | _aالعكشة، وائل | |
| 942 |
_2ddc _cBK |
||
| 999 |
_c50216 _d50216 |
||